Ξενοφών Μπήτσικας.
Saved in:
| Main Author: | |
|---|---|
| Format: | Book |
| Language: | Greek Spanish |
| Published: |
Αθήνα :
Zoumboulakis Galleries,
2001.
|
| Subjects: | |
| Tags: |
Add Tag
No Tags, Be the first to tag this record!
|
MARC
| LEADER | 00000cam a2200000 i 4500 | ||
|---|---|---|---|
| 001 | 1/96126 | ||
| 008 | 081029s2001 gr | ||| |||| ||gre|| | ||
| 035 | |l 10101201 | ||
| 040 | |a GR-MyUa |b gre |e AACR2 | ||
| 041 | 0 | |a gre |a spa | |
| 082 | 7 | |a 700.92 |2 (22) | |
| 100 | 1 | |a Bitsikas, Xenofon. | |
| 245 | 1 | 0 | |a Ξενοφών Μπήτσικας. |
| 260 | |a Αθήνα : |b Zoumboulakis Galleries, |c 2001. | ||
| 300 | |a [24] σ. : |b εικ. ; |c 24 εκ. | ||
| 500 | |a Ο κατάλογος του Ξενοφώντα Μπήτσικα τυπώθηκε με την ευκαιρία της έκθεσής του στην Γκαλερί Ζουμπουλάκη, στην Αθήνα το Νοέμβριο του 2001. | ||
| 600 | 1 | 0 | |a Bitsikas, Xenofon |x Exhibitions. |
| 650 | 0 | |a Artists |z Greece |y 20th century |x Exhibitions. | |
| 852 | |a INST |b SYROS |e 20081029 |h 700.92 BIT |p 005500008990 |q 005500008990 |t BK |y 0 | ||
| 901 | |a BIBL5-2008-3 | ||
| 970 | |a Κοντού |b Παρασκευή |z 29/10/2008 | ||